Responses for Show #6924 - Thursday, October 23, 2014

Contestants

[<< previous game]

Matthew LaMagna, a digital consultant from Arlington, Virginia

Angela Chuang, a public defender from New York, New York

Ali Palmer, an analyst from Portland, Oregon (whose 1-day cash winnings total $16,300)

[next game >>]

Jeopardy! Round responses

ALASKAN PLANT LIFE
WHAT THE?!
U.S. MILITARY MEDALS
THAT IS LIKE SO LATE 20th CENTURY
I'M SEXY
& I KNOW "IT"
    $200 21
harpoon

Matthew
    $200 16
Paradise Lost

Matthew
    $200 1
the hand

Angela
    $200 6
Halle Berry

Ali
    $200 11
Itchy

Ali
    $400 22
coniferous

Matthew
    $400 17
Hades

Matthew
    $400 2
dogs

Matthew
    $400 7
Michelle Pfeiffer

Ali
    $400 12
(Matthew: What is itsy?... bitsy?...)
[Laughter]
(Alex: You can stop right there. You got them both in.)

itsy bitsy

Matthew
    $600 23
(Ali: What is a wetland?)

National Forest system

Ali
Triple Stumper
    $600 18
inferno

Matthew
    $600 26
cross

Matthew
    $600 3
Benjamins

Ali
    $600 8
Jon Hamm

Matthew
    $600 13
Itza

Matthew
    $800 24
(Alex: ...with less than a minute to go now, Matthew.)

Sitka spruce

Triple Stumper
    $800 19
Odin

Triple Stumper
    $2,800 27
[The end-of-round signal sounds.]

the Prisoner of War Medal (P.O.W. Medal)

Matthew
    $800 4
Donkey Kong

Ali
    $800 9
(Angela: Who is Megan Fox?)

Mila Kunis

AngelaMatthew
    $800 14
the "It" Girl

Ali
    $1000 25
nitrogen

Triple Stumper
    $1000 20
Gilgamesh

Matthew
    $1000 5
a chill pill

Angela
    $1000 10
Chris Evans

Matthew
    $1000 15
iterate (reiterate accepted)

Angela

Scores at the first commercial break (after clue 15):

Ali Angela Matthew
$3,000 $1,400 $3,800

Scores at the end of the Jeopardy! Round:

Ali Angela Matthew
$2,400 $1,400 $10,000

Double Jeopardy! Round responses

LITERARY SAN FRANCISCO
CANALS
I HAVE A THEORY
WINSTON CHURCHILL
TV INITIALS
3 "T"s
    $400 21
the San Francisco earthquake

Ali
    $400 16
Panama Canal

Triple Stumper
    $400 11
the big bang theory

Matthew
    $400 26
The Boer War

Matthew
    $400 1
(Matthew: What is CSI?)

(Law & Order) SVU

AngelaMatthew
    $400 6
Twitter

Matthew
    $800 22
(Jack) Kerouac

Angela
    $800 17
the Netherlands

Matthew
    $800 12
evolution

Matthew
    $800 27
Dunkirk

Triple Stumper
    $800 2
NCIS

Triple Stumper
    $800 7
tattoo

Angela
    $1200 23
The Maltese Falcon

Ali
    $1200 18
Greece

Matthew
    $1200 13
conspiracy

Angela
    $1200 28
[The end-of-round signal sounds.]

80

Ali
    $1200 3
R.F.D.

Ali
    $1200 8
teetotaling

Matthew
    $1600 24
(Ali: Who is Maupisan?)
(Alex: No.)
(Ali: Armistead Maupisan?)
(Alex: No.)
(Ali: Oh.)
...
(Alex: You added a syllable. Sorry. Less than a minute to go,
though. You pick.)

(Armistead) Maupin

Ali
Triple Stumper
    $1600 19
Port Said

Triple Stumper
    $3,800 14
game theory

Angela
    $1600 4
M.E.

Ali
    $1600 9
(Ali: The [*]?)
(Alex: Say it.)
(Ali: Libret--[*]?)
(Alex: No.)
(Ali: No.)
[The time expiry signal sounds.]
(Alex: You are correct in that you came up with the right word.)
(Ali: But not--)
(Alex: You didn't phrase it in the form of a question.)
(Ali: Oh, gosh. Sorry.)
(Alex: As you know, in Double Jeopardy! it costs you.)
(Ali: I know.)

librettist

Ali
Triple Stumper
    $5,600 25
(Ali: What is Dedalus?)

City Lights

Ali
    $2000 20
Chesapeake & Ohio

Ali
    $2000 15
chaos theory

Matthew
    $2000 5
DJ

Matthew
    $2000 10
trattoria

Matthew

Scores at the end of the Double Jeopardy! Round:

Ali Angela Matthew
$1,200 $8,400 $20,800
(lock game)

[wagering suggestions for these scores]

Final Jeopardy! Round responses

FRENCH FOOD HISTORY
(Alex: It made the product less acidic, hence more popular, and it's still popular today.)
...
(Alex: [To Angela] You were going for red wine vinegar, it looks like.)
...
(Alex: We're thinking of mustard, and [*] mustard. That's the city.)
AliWhat is ?
$0
AngelaWhat is red wine v
$8,300
MatthewWhat is Paris?
$3,000
Dijon

Final scores:

Ali Angela Matthew
$1,200 $100 $17,800
2nd place: $2,000 3rd place: $1,000 New champion: $17,800

Game dynamics:

Coryat scores:

Ali Angela Matthew
$6,800 $6,200 $18,800
12 R,
4 W
(including 1 DD)
8 R
(including 1 DD),
1 W
24 R
(including 1 DD),
1 W

Combined Coryat: $31,800

[game clues] [game scores] [suggest correction]

Game tape date: 2014-08-06
The J! Archive is created by fans, for fans. Scraping, republication, monetization, and malicious use prohibited; this site may use cookies and collect identifying information. See terms. The Jeopardy! game show and all elements thereof, including but not limited to copyright and trademark thereto, are the property of Jeopardy Productions, Inc. and are protected under law. This website is not affiliated with, sponsored by, or operated by Jeopardy Productions, Inc. Join the discussion at JBoard.tv.